[Event "Sparkassen-Open J"]
[Site "Heusenstamm, Martinsee"]
[Date "2019.11.23"]
[Round "4.27"]
[White "Biallas, Flynn"]
[Black "Kanno, Gabriel Felix"]
[Result "1-0"]
[WhiteElo "953"]
[BlackElo "726"]
[PlyCount "63"]
[EventDate "2019.??.??"]
[WhiteTeam "SV Ffm-Griesheim"]
[BlackTeam "SK Altenkirchen"]

1. e4 e5 2. Nf3 Nc6 3. Bc4 Bc5 4. b4 Bxb4 5. c3 Bc5 6. d4 exd4 7. O-O dxc3 8.
Bxf7+ Kxf7 9. Qd5+ Ke8 10. Qxc5 d6 11. Qxc3 Bg4 12. Qxg7 Qf6 13. Qxg4 Qxa1 14.
Qh5+ Kf8 15. Bh6+ Nxh6 16. Qxh6+ Ke8 17. e5 Nxe5 18. Re1 Qxa2 19. Nxe5 dxe5 20.
Rxe5+ Kd8 21. Qf6+ Kd7 22. h3 Qxb1+ 23. Kh2 Raf8 24. Qe7+ Kc8 25. Rc5 Qb6 26.
Rc1 Re8 27. Qg7 Qd6+ 28. Kg1 c6 29. Qg4+ Kc7 30. Qg7+ Kb8 31. Rb1 Qf4 32. Qxb7#
1-0

[Event "Sparkassen-Open J"]
[Site "Heusenstamm, Martinsee"]
[Date "2019.11.23"]
[Round "4.28"]
[White "Tobias, Franziska Ylvi"]
[Black "Basoglu, Jakob"]
[Result "1-0"]
[WhiteElo "1266"]
[BlackElo "945"]
[PlyCount "43"]
[EventDate "2019.??.??"]
[WhiteTeam "SV Oberursel"]
[BlackTeam "SC Heusenstamm"]

1. e4 e5 2. Nf3 Nf6 3. Nc3 Bb4 4. Bc4 Bxc3 5. bxc3 Nxe4 6. Nxe5 O-O 7. O-O d6
8. Bxf7+ Rxf7 9. Nxf7 Kxf7 10. Qf3+ Kg8 11. Qxe4 Nc6 12. Re1 Bd7 13. Qd5+ Kh8
14. Bb2 Qf6 15. Qb5 Rf8 16. c4 Qxf2+ 17. Kh1 Bh3 18. Rg1 Rf6 19. Bxf6 gxf6 20.
Qxb7 Nd4 21. Raf1 Bxg2+ 22. Qxg2 1-0

[Event "Sparkassen-Open J"]
[Site "Heusenstamm, Martinsee"]
[Date "2019.11.23"]
[Round "4.29"]
[White "Plaumann, Finja"]
[Black "Paschedag, Vivien"]
[Result "1-0"]
[WhiteElo "820"]
[BlackElo "923"]
[PlyCount "109"]
[EventDate "2019.??.??"]
[WhiteTeam "SF Heidesheim"]
[BlackTeam "SC Heusenstamm"]

1. d4 d5 2. c4 c6 3. Nc3 Bf5 4. Bf4 e6 5. e3 Bb4 6. Be2 Nf6 7. Nf3 Ne4 8. Qc1
O-O 9. O-O Nd7 10. Ne5 Nxe5 11. Bxe5 f6 12. Bf4 Qe7 13. c5 e5 14. Bg3 Rfe8 15.
Nxe4 Bxe4 16. Bg4 Bd3 17. Rd1 Be4 18. a3 Ba5 19. b4 Bc7 20. Be2 exd4 21. Bxc7
Qxc7 22. exd4 Qf7 23. f3 Bf5 24. Re1 Qg6 25. Ra2 Bh3 26. g3 Re6 27. Qd1 Rae8
28. f4 Re3 29. Kf2 R3e4 30. Rg1 Qf5 31. Bd3 Bg4 32. Qd2 g5 33. Bxe4 Rxe4 34.
Qd3 gxf4 35. Rd2 fxg3+ 36. Kg2 Qf4 37. hxg3 Qg5 38. Rf1 f5 39. Rdf2 Kf7 40. Rh1
Kg6 41. Qd2 Re3 42. Re1 Rxe1 43. Qxe1 h5 44. Qe6+ Kh7 45. Qf7+ Kh6 46. Qf8+ Kg6
47. Qg8+ Kh6 48. Qxg5+ Kxg5 49. Kh2 h4 50. gxh4+ Kxh4 51. Rf4 Kg5 52. Kg3 Bh5
53. a4 b6 54. cxb6 axb6 55. a5 1-0

[Event "Sparkassen-Open J"]
[Site "Heusenstamm, Martinsee"]
[Date "2019.11.23"]
[Round "4.33"]
[White "Schilling, Pascal"]
[Black "Englert, Ann"]
[Result "0-1"]
[WhiteElo "838"]
[BlackElo "950"]
[PlyCount "62"]
[EventDate "2019.??.??"]
[WhiteTeam "SV Ffm-Griesheim"]
[BlackTeam "TV-Großostheim"]

1. e4 e5 2. Nf3 Nc6 3. Bc4 Nf6 4. c3 Bc5 5. d4 Bd6 6. d5 Ne7 7. O-O O-O 8. Bg5
Ng6 9. Bxf6 Qxf6 10. Nbd2 c6 11. dxc6 dxc6 12. Nb3 Be6 13. Bxe6 Qxe6 14. Ng5
Qd7 15. Qh5 h6 16. Nc5 Bxc5 17. Rad1 Qc7 18. Rd2 hxg5 19. Rd3 Nf4 20. Qxg5 Nxd3
21. Rd1 Nxb2 22. Rd2 Rad8 23. Rxd8 Rxd8 24. h3 Rd1+ 25. Kh2 Qd7 26. Qxe5 Bd6
27. Qxd6 Qxd6+ 28. g3 Qd2 29. h4 Qxf2+ 30. Kh3 Rd3 31. Kg4 Qxg3+ 0-1

[Event "Sparkassen-Open J"]
[Site "Heusenstamm, Martinsee"]
[Date "2019.11.23"]
[Round "4.34"]
[White "Gärtner, Anna"]
[Black "Culha, Merve"]
[Result "1-0"]
[WhiteElo "779"]
[BlackElo "874"]
[PlyCount "59"]
[EventDate "2019.??.??"]
[WhiteTeam "SF Heidesheim"]
[BlackTeam "SC Heusenstamm"]

1. d4 d5 2. c4 Nc6 3. Nc3 e5 4. e3 Nf6 5. Bd2 g6 6. Nf3 Qd6 7. dxe5 Nxe5 8.
Nxe5 Qxe5 9. Bd3 d4 10. Ne2 dxe3 11. fxe3 Qxb2 12. O-O Qe5 13. Bc3 Qxe3+ 14.
Kh1 Bg7 15. Bxf6 Bxf6 16. Rxf6 Be6 17. Rb1 Qc5 18. Rxb7 Qc6 19. Rb5 Ke7 20. Rf4
g5 21. Rf3 Rad8 22. Qc2 Bg4 23. Re3+ Kf6 24. Be4 Qd7 25. Qc3+ Ke7 26. Rd5 Qc8
27. h3 Bh5 28. g4 Bg6 29. Bxg6+ Kf8 30. Qxh8# 1-0

[Event "Sparkassen-Open J"]
[Site "Heusenstamm, Martinsee"]
[Date "2019.11.23"]
[Round "4.35"]
[White "Jäger, Viktoria"]
[Black "Heller, Karan"]
[Result "1/2-1/2"]
[WhiteElo "869"]
[BlackElo "844"]
[Annotator "Schloessner,Henrik"]
[PlyCount "87"]
[EventDate "2019.??.??"]
[WhiteTeam "SK Bad Homburg"]
[BlackTeam "TuS Dotzheim"]

{[%evp 0,85,36,32,34,34,29,17,3,-5,-5,-5,-5,-9,81,15,131,119,141,156,200,213,
448,217,325,336,406,329,339,339,314,223,296,265,296,288,836,859,29985,310,292,
284,314,238,238,225,222,221,221,210,213,222,222,222,221,227,238,210,232,-35,
-37,-104,-3,-1,2,8,4,1,0,4,8,5,11,10,4,9,4,2,2,0,362,0,0,0,0,0,385,-890]} 1. e4
e5 2. Nf3 Nc6 3. Bc4 Bc5 4. c3 Nf6 5. d4 exd4 6. e5 Ng4 7. O-O Ngxe5 8. Re1 O-O
9. Nxe5 Nxe5 10. Rxe5 Bd6 11. Re4 dxc3 12. Nxc3 Bc5 13. Be3 Bxe3 14. Rxe3 d6
15. Bd3 a6 16. Qh5 h6 17. Rg3 Qf6 18. Nd5 Qe5 19. Qxe5 dxe5 20. Nxc7 Rb8 21.
Nd5 Rd8 22. Ne7+ Kf8 23. Nxc8 Rbxc8 24. Bf5 Rc7 25. Rd3 Rxd3 26. Bxd3 Rd7 27.
Rd1 Rd6 28. g3 e4 29. Kf1 exd3 30. Ke1 d2+ 31. Rxd2 Rxd2 32. Kxd2 Ke7 33. Ke3
Ke6 34. Ke4 f6 35. h3 b6 36. f4 f5+ 37. Kd4 g6 38. a4 Kd6 39. b4 Kc6 40. Kc4
b5+ 41. axb5+ axb5+ {Nach der Notation sind die beiden folgenden Zugpaare
vertauscht, was aber aufgrund des Schachs durch den letzten Zug regelwidrig
wäre. Die notierten letzten Züge der Partie lauten also: 42.g4 hxg4 43.Kc3
h5 44.h4} 42. Kc3 h5 43. g4 fxg4 44. h4 1/2-1/2

[Event "Sparkassen-Open J"]
[Site "Heusenstamm, Martinsee"]
[Date "2019.11.23"]
[Round "4.36"]
[White "Sarbu, Carla Alexandra"]
[Black "Terlinde, Mattis"]
[Result "0-1"]
[WhiteElo "846"]
[BlackElo "807"]
[PlyCount "120"]
[EventDate "2019.??.??"]
[WhiteTeam "SC Saarlouis"]
[BlackTeam "SK Gau-Algesheim"]

1. e4 e5 2. Nf3 Nc6 3. Bc4 Nf6 4. Nc3 Bc5 5. O-O O-O 6. d3 h6 7. Be3 Bxe3 8.
fxe3 Ng4 9. Nxe5 Ncxe5 10. d4 Nxc4 11. Rf3 Ngxe3 12. Qe2 Ng4 13. Qxc4 Qh4 14.
h3 Nf6 15. e5 Ne4 16. Nxe4 Qxe4 17. Qc3 c6 18. Rg3 d5 19. Re1 Qf4 20. Qd3 Bf5
21. Rf1 Bxd3 22. Rxf4 Bxc2 23. Rfg4 Bg6 24. e6 Rae8 25. exf7+ Rxf7 26. Rf3 Rxf3
27. gxf3 Bf5 28. Rg3 Re6 29. b4 Rg6 30. Rxg6 Bxg6 31. Kf2 Kf7 32. Ke3 Ke6 33.
Kd2 Kf5 34. Kc3 Kf4 35. a4 Kxf3 36. b5 cxb5 37. axb5 Be4 38. Kb4 Kg3 39. Kc5 g5
40. Kd6 Kxh3 41. Kc7 g4 42. Kxb7 g3 43. Kxa7 g2 44. b6 g1=Q 45. b7 Qxd4+ 46.
Ka8 Qa4+ 47. Kb8 d4 48. Kc7 Qc4+ 49. Kb6 Qb4+ 50. Ka6 Qxb7+ 51. Ka5 d3 52. Ka4
d2 53. Ka3 d1=Q 54. Ka2 Kg3 55. Ka3 h5 56. Ka2 h4 57. Ka3 h3 58. Ka2 h2 59. Ka3
h1=Q 60. Ka2 Qa1# 0-1

[Event "Sparkassen-Open J"]
[Site "Heusenstamm, Martinsee"]
[Date "2019.11.24"]
[Round "5.1"]
[White "Bogiatzis, Panagiotis"]
[Black "Eull, Emil"]
[Result "0-1"]
[WhiteElo "1048"]
[BlackElo "1504"]
[PlyCount "76"]
[EventDate "2019.??.??"]
[WhiteTeam "SK Langen"]
[BlackTeam "SF Neuberg"]

1. e4 c5 2. Nf3 Nc6 3. Nc3 Nf6 4. Bc4 e6 5. d3 a6 6. d4 b5 7. Be2 cxd4 8. Nxd4
Bb7 9. Nf3 Bb4 10. Bg5 h6 11. Bh4 Be7 12. O-O O-O 13. e5 Ng4 14. Bg3 Qc7 15.
Re1 b4 16. Ne4 Ngxe5 17. Nxe5 Nxe5 18. Bxe5 Qxe5 19. Bf3 Qc7 20. Nd6 Bxf3 21.
Qxf3 Bxd6 22. g3 Bc5 23. Qh5 d5 24. Rac1 Qe7 25. c4 bxc3 26. Rxc3 Bb4 27. Rec1
Bxc3 28. Rxc3 Rab8 29. b3 Qf6 30. Rc2 Rbc8 31. Rd2 Qg6 32. Qe2 Qe4 33. Qf1 Rc6
34. Re2 Qd4 35. Qb1 Rfc8 36. Re1 Rc2 37. Rd1 Qxf2+ 38. Kh1 Qxh2# 0-1

[Event "Sparkassen-Open J"]
[Site "Heusenstamm, Martinsee"]
[Date "2019.11.24"]
[Round "5.2"]
[White "Gräßer, Malte"]
[Black "Kamleiter, Noah"]
[Result "1-0"]
[WhiteElo "1210"]
[BlackElo "1395"]
[PlyCount "85"]
[EventDate "2019.??.??"]
[WhiteTeam "SF Heidesheim"]
[BlackTeam "TSV Bindlach Aktionär"]

1. e4 c5 2. Nf3 Nc6 3. Bb5 g6 4. O-O Bg7 5. c3 Nf6 6. Re1 d6 7. d4 O-O 8. d5 a6
9. Ba4 Na7 10. h3 b5 11. Bc2 Nd7 12. Be3 Nb6 13. b3 b4 14. Qd3 Nb5 15. Bd2 Nd7
16. a3 Qa5 17. cxb4 cxb4 18. Bxb4 Qc7 19. Ra2 a5 20. Qxb5 axb4 21. Qxb4 Nc5 22.
Qd2 Rb8 23. b4 Na6 24. Nd4 Qa7 25. Nc6 Qb6 26. Nxb8 Qxb8 27. Nc3 Qc7 28. Ne2
Be5 29. Bd3 Qb6 30. Rc2 Bd7 31. Qe3 Qb7 32. Bxa6 Qxa6 33. Rec1 Ba4 34. Ra2 Bb5
35. Nd4 Bc4 36. Rac2 Bb5 37. Nxb5 Qxb5 38. Rc8 Qa4 39. Rxf8+ Kxf8 40. Qh6+ Ke8
41. Qxh7 Bb2 42. Qg8+ Kd7 43. Qc8# 1-0

[Event "Sparkassen-Open J"]
[Site "Heusenstamm, Martinsee"]
[Date "2019.11.24"]
[Round "5.3"]
[White "Vick, Edward"]
[Black "Riemann, Adrian"]
[Result "1-0"]
[WhiteElo "1242"]
[BlackElo "1307"]
[PlyCount "59"]
[EventDate "2019.??.??"]
[WhiteTeam "TuS Makkabi Wiesbaden"]
[BlackTeam "SK Bickenbach"]

1. e4 e6 2. d4 d5 3. exd5 exd5 4. Bd3 Bd6 5. Nc3 Be6 6. Nf3 h6 7. O-O Nd7 8.
Re1 Ne7 9. Bd2 c6 10. Ne2 Qc7 11. Qc1 g5 12. Ng3 O-O-O 13. c4 Rde8 14. c5 Bxg3
15. fxg3 Bg4 16. Qc2 f5 17. Rf1 Nf6 18. Rf2 Ne4 19. Bxe4 fxe4 20. Ne5 Bd7 21.
Nf7 Ref8 22. Nxh8 Rxh8 23. Raf1 Ng6 24. Rf6 Be8 25. Qc3 Kb8 26. h4 gxh4 27.
gxh4 h5 28. Rxg6 Bxg6 29. Bf4 Qxf4 30. Rxf4 1-0

[Event "Sparkassen-Open J"]
[Site "Heusenstamm, Martinsee"]
[Date "2019.11.24"]
[Round "5.4"]
[White "Kürschner, Liam"]
[Black "Zhao, Yunsheng"]
[Result "1-0"]
[WhiteElo "1423"]
[BlackElo "1145"]
[PlyCount "169"]
[EventDate "2019.??.??"]
[WhiteTeam "SK Langen"]
[BlackTeam "SK Langen"]

1. c4 e5 2. g3 Nf6 3. Bg2 Bc5 4. d3 h6 5. Nf3 Nc6 6. a3 a5 7. Nc3 O-O 8. O-O d6
9. h3 Be6 10. e4 Qd7 11. Kh2 Nd4 12. Nd5 Qd8 13. Ne1 c6 14. Nxf6+ Qxf6 15. f4
Qe7 16. f5 Bd7 17. Qh5 Qf6 18. Nf3 Nb3 19. Rb1 Nxc1 20. Rbxc1 b5 21. cxb5 cxb5
22. h4 b4 23. Ng5 Be3 24. Rc7 Bb5 25. Nh3 Bxd3 26. Ra1 Bb6 27. Rb7 Rab8 28.
Rxb8 Rxb8 29. axb4 axb4 30. Rd1 Bc2 31. Rd2 Ba4 32. Bf3 Bd4 33. Bd1 Bxd1 34.
Qxd1 Qd8 35. Nf2 Bxf2 36. Rxf2 Qb6 37. Qd2 Qc6 38. f6 Qxe4 39. Qxd6 Re8 40.
fxg7 Qe3 41. Qf6 Re7 42. Kh3 Rb7 43. Rf3 Qb6 44. Qxe5 Qe6+ 45. Qxe6 fxe6 46.
Rf6 Rb6 47. Rxh6 Kxg7 48. Rh5 Kg6 49. Kg4 Kf6 50. b3 Rd6 51. Rb5 Rd4+ 52. Kh3
e5 53. h5 e4 54. Kg2 Kg7 55. Kf2 Kh6 56. Ke2 Kh7 57. g4 e3 58. g5 Rg4 59. Rb7+
Kg8 60. g6 Rh4 61. Kxe3 Rxh5 62. Kd4 Rg5 63. g7 Rxg7 64. Rxg7+ Kxg7 65. Kc5 Kf8
66. Kxb4 Ke7 67. Kc5 Kd7 68. Kb6 Kc8 69. b4 Kb8 70. b5 Kc8 71. Ka7 Kc7 72. b6+
Kc6 73. b7 Kb5 74. b8=Q+ Kc6 75. Qb7+ Kc5 76. Qb6+ Kc4 77. Qa5 Kb3 78. Qc5 Kb2
79. Qc4 Kb1 80. Qe2 Kc1 81. Kb6 Kb1 82. Kc5 Ka1 83. Kb4 Kb1 84. Kb3 Kc1 85.
Qe1# 1-0

[Event "Sparkassen-Open J"]
[Site "Heusenstamm, Martinsee"]
[Date "2019.11.24"]
[Round "5.5"]
[White "Negru, Maximilian"]
[Black "Claussen, Alexander"]
[Result "1-0"]
[WhiteElo "1323"]
[BlackElo "1220"]
[PlyCount "147"]
[EventDate "2019.??.??"]
[WhiteTeam "SK Bad Homburg"]
[BlackTeam "SF Essen-Werden"]

1. e4 e6 2. d4 b6 3. Nc3 Bb7 4. Nf3 Bb4 5. Bd3 Nf6 6. Bg5 Be7 7. Qd2 d6 8. O-O
Nbd7 9. Rfe1 O-O 10. Rad1 c5 11. d5 h6 12. Bh4 Ng4 13. g3 Bxh4 14. Nxh4 Nge5
15. Re3 exd5 16. exd5 Nf6 17. f4 Neg4 18. Rf3 Re8 19. h3 Nxd5 20. Nxd5 Bxd5 21.
Bh7+ Kxh7 22. Qxd5 Nf6 23. Qxd6 Re1+ 24. Rf1 Rxf1+ 25. Kxf1 Qxd6 26. Rxd6 Re8
27. Rd3 c4 28. Rc3 Ne4 29. Re3 Nd2+ 30. Ke2 Ne4 31. g4 c3 32. b3 Ng3+ 33. Kf3
Rxe3+ 34. Kxe3 g6 35. Kf2 Ne4+ 36. Ke3 Nc5 37. Kd4 Ne6+ 38. Ke5 Kg7 39. f5 gxf5
40. gxf5 Ng5 41. f6+ Kf8 42. Nf5 Nxh3 43. Kd4 Nf2 44. Nxh6 Ke8 45. Kxc3 Ne4+
46. Kd4 Nxf6 47. Ke5 Ke7 48. Nf5+ Kd7 49. Kxf6 Kc6 50. Nd4+ Kd5 51. c3 a6 52.
Kf5 b5 53. Nc2 Kc5 54. Ke5 a5 55. Ne1 a4 56. Nd3+ Kc6 57. bxa4 bxa4 58. a3 Kb5
59. Kd4 f6 60. Kd5 Kb6 61. c4 Kc7 62. Nb2 f5 63. Nxa4 f4 64. Nb2 Kd7 65. Nd3 f3
66. a4 Kc7 67. a5 Kb7 68. Kd6 Kb8 69. Kd7 Kb7 70. c5 Ka6 71. c6 Kxa5 72. c7 Ka4
73. c8=Q Kb3 74. Qc5 1-0

[Event "Sparkassen-Open J"]
[Site "Heusenstamm, Martinsee"]
[Date "2019.11.24"]
[Round "5.6"]
[White "Himmelspacht, Maxim"]
[Black "Kanno, Clara Yumi"]
[Result "0-1"]
[WhiteElo "1189"]
[BlackElo "1142"]
[PlyCount "66"]
[EventDate "2019.??.??"]
[WhiteTeam "SK Gießen"]
[BlackTeam "SK Altenkirchen"]

1. e4 c5 2. Nf3 d6 3. Bb5+ Nc6 4. O-O Nf6 5. Re1 a6 6. Bxc6+ bxc6 7. c3 e6 8.
d4 cxd4 9. Nxd4 c5 10. Nf3 Be7 11. e5 Nd5 12. exd6 Bxd6 13. c4 Nb6 14. b3 O-O
15. Bb2 Bb7 16. Nc3 Qc7 17. h3 Rfd8 18. Qe2 Rd7 19. Ne4 Bf4 20. Rad1 Rad8 21.
Bc1 Rxd1 22. Rxd1 Rxd1+ 23. Qxd1 Bxc1 24. Qxc1 Bxe4 25. Ng5 Bb7 26. Qc2 g6 27.
Qc3 Qd6 28. Qf6 Qd7 29. Qf4 Nc8 30. h4 Nd6 31. h5 Nf5 32. g4 Qd1+ 33. Kh2 Qh1#
0-1

[Event "Sparkassen-Open J"]
[Site "Heusenstamm, Martinsee"]
[Date "2019.11.24"]
[Round "5.7"]
[White "Akhmatovski, Maxim"]
[Black "Albrecht, Angelique"]
[Result "1-0"]
[WhiteElo "1359"]
[BlackElo "1185"]
[PlyCount "75"]
[EventDate "2019.??.??"]
[WhiteTeam "SV Oberursel"]
[BlackTeam "SV Multatuli Ingelheim e.V."]

1. d4 d5 2. c4 Nf6 3. Nc3 Nc6 4. e3 Bf5 5. Bd3 Bxd3 6. Qxd3 Nb4 7. Qd1 e6 8. a3
Nc6 9. cxd5 exd5 10. Nf3 g6 11. Qb3 Rb8 12. Ne5 Bd6 13. Nxc6 bxc6 14. Qa4 Qd7
15. b4 O-O 16. Bb2 Nh5 17. Ne2 Rfe8 18. Kd2 Nf6 19. Nc3 Qf5 20. Rhf1 c5 21.
dxc5 Be5 22. Qc2 Bxc3+ 23. Bxc3 Qe6 24. Qd3 Kf8 25. Kc2 Ne4 26. Bb2 Qc6 27.
Rad1 a5 28. Qxd5 Qa4+ 29. Qb3 Qb5 30. Qd3 Qa4+ 31. Qb3 Qb5 32. Rd3 c6 33. f3
Ng5 34. Qc3 Ne6 35. Rd7 Qe2+ 36. Kb3 a4+ 37. Ka2 Qxf1 38. Qh8# 1-0

[Event "Sparkassen-Open J"]
[Site "Heusenstamm, Martinsee"]
[Date "2019.11.24"]
[Round "5.8"]
[White "Richter, Johanna"]
[Black "Yang, Marco"]
[Result "1-0"]
[WhiteElo "1002"]
[BlackElo "1260"]
[PlyCount "103"]
[EventDate "2019.??.??"]
[WhiteTeam "SF Heidesheim"]
[BlackTeam "SK Mannheim-Lindenhof"]

1. d4 d5 2. Bf4 e6 3. e3 Nf6 4. Bd3 c5 5. c3 Nc6 6. Nf3 Qb6 7. Qc2 c4 8. Be2
Nh5 9. Be5 Nxe5 10. Nxe5 Nf6 11. Nd2 Bd6 12. Ndf3 Ne4 13. Qa4+ Kf8 14. Qc2 f6
15. Ng4 h5 16. Nxf6 gxf6 17. Nh4 Qc7 18. Ng6+ Kg7 19. Nxh8 Kxh8 20. Bxh5 Bxh2
21. g3 Bxg3 22. Bg6+ Kg7 23. Bxe4 dxe4 24. Qxe4 Bd6 25. Qh7+ Kf8 26. Qh8+ Kf7
27. Rh7+ Kg6 28. Rxc7 Bxc7 29. O-O-O e5 30. Rg1+ Kf5 31. Qh7+ Ke6 32. Qxc7 Kd5
33. Qh7 Kc6 34. dxe5 fxe5 35. Qe4+ Kb6 36. Qxe5 a6 37. Rg6+ Ka7 38. b4 cxb3 39.
axb3 a5 40. b4 a4 41. b5 a3 42. Qd4+ Kb8 43. Kb1 Bf5+ 44. Ka1 Bxg6 45. Qd6+ Ka7
46. Qxg6 b6 47. f4 Kb7 48. Qc6+ Kb8 49. Qxb6+ Kc8 50. Qd6 Ra7 51. b6 Ra6 52.
Qc7# 1-0

[Event "Sparkassen-Open J"]
[Site "Heusenstamm, Martinsee"]
[Date "2019.11.24"]
[Round "5.9"]
[White "Jelinek, Tim"]
[Black "Strauß, Florian"]
[Result "0-1"]
[WhiteElo "1224"]
[BlackElo "1231"]
[PlyCount "108"]
[EventDate "2019.??.??"]
[WhiteTeam "SC Kahl"]
[BlackTeam "SV Multatuli Ingelheim e.V."]

1. d4 Nf6 2. Bf4 e6 3. e3 c5 4. c3 cxd4 5. cxd4 Bb4+ 6. Nc3 Nd5 7. Nge2 Qa5 8.
Qc2 O-O 9. a3 Bxc3+ 10. Nxc3 Nxf4 11. exf4 Nc6 12. Qd2 d5 13. Bd3 f5 14. O-O
Nxd4 15. Bc2 Nb5 16. b4 Qb6 17. Na4 Qc7 18. Bb3 b6 19. Bxd5 Rd8 20. Bxe6+ Bxe6
21. Qe2 Bc4 22. Qf3 Bxf1 23. Kxf1 Qc4+ 24. Kg1 Rac8 25. h3 Qc2 26. Nxb6 axb6
27. a4 Nd4 28. Qe3 Qc4 29. b5 Nc2 30. Rc1 Nxe3 31. Rxc4 Nxc4 32. g4 fxg4 33.
hxg4 Nb2 34. Kg2 Nxa4 35. g5 Rd3 36. f3 Rcc3 37. Kg3 Rxf3+ 38. Kg4 Rf2 39. g6
Rg2+ 40. Kf5 Rc5+ 41. Ke4 hxg6 42. Kf3 Rb2 43. Kg4 Rb4 44. Kg3 Nc3 45. Kf3 Ne2
46. Kxe2 Rxf4 47. Ke3 Rfc4 48. Kd3 Ra4 49. Ke3 Rh4 50. Kf3 Rxb5 51. Kg3 Ra4 52.
Kf3 Rb3+ 53. Kf2 Ra2+ 54. Ke1 Rb1# 0-1

[Event "Sparkassen-Open J"]
[Site "Heusenstamm, Martinsee"]
[Date "2019.11.24"]
[Round "5.10"]
[White "Yue, Qihang"]
[Black "Müller, Riyanna"]
[Result "1-0"]
[WhiteElo "1376"]
[BlackElo "1024"]
[PlyCount "89"]
[EventDate "2019.??.??"]
[WhiteTeam "SV Multatuli Ingelheim e.V."]
[BlackTeam "SC Landskrone"]

1. d4 d5 2. Nf3 Nf6 3. e3 Bg4 4. Bd3 e6 5. O-O Bd6 6. Nbd2 O-O 7. Qe2 Nc6 8. h3
Bh5 9. c3 Re8 10. e4 dxe4 11. Nxe4 Nxe4 12. Qxe4 Bg6 13. Qe2 Bxd3 14. Qxd3 Ne7
15. Re1 Ng6 16. Bd2 e5 17. Rad1 Qe7 18. dxe5 Bxe5 19. Nxe5 Nxe5 20. Qg3 Rad8
21. Bh6 Ng6 22. Rxe7 Rxd1+ 23. Kh2 Rxe7 24. Be3 Ra1 25. Bc5 Rd7 26. Qe3 Rd8 27.
h4 Rxa2 28. h5 Nf8 29. h6 g6 30. Qe5 Ne6 31. Be7 Re8 32. Qf6 Rxb2 33. f4 a5 34.
Kg3 a4 35. f5 gxf5 36. Qxf5 Kh8 37. Bf6+ Kg8 38. Qg4+ Kf8 39. Qxa4 Rd2 40. Qb4+
Kg8 41. Qb5 Rb8 42. Qf5 b5 43. Bg5 Nxg5 44. Qxg5+ Kh8 45. Qg7# 1-0

[Event "Sparkassen-Open J"]
[Site "Heusenstamm, Martinsee"]
[Date "2019.11.24"]
[Round "5.11"]
[White "Heller, Roan"]
[Black "Schmidt, Moritz"]
[Result "0-1"]
[WhiteElo "1490"]
[BlackElo "1095"]
[PlyCount "60"]
[EventDate "2019.??.??"]
[WhiteTeam "TuS Dotzheim"]
[BlackTeam "SVG Plettenberg"]

1. e4 c6 2. Nc3 d5 3. d3 e5 4. Nf3 Bg4 5. h3 Bxf3 6. Qxf3 d4 7. Ne2 Nf6 8. Bg5
Be7 9. a3 h6 10. Bh4 O-O 11. g4 g5 12. Bg3 Qb6 13. b3 Qa5+ 14. Kd1 Nbd7 15. a4
Nc5 16. Bg2 Qb4 17. Nc1 Bd8 18. Bxe5 Ba5 19. Qe2 Nfd7 20. f4 Nxe5 21. fxe5 Rae8
22. Rf1 Rxe5 23. Bh1 h5 24. gxh5 f5 25. Bg2 fxe4 26. Rxf8+ Kxf8 27. dxe4 Nxe4
28. Nd3 Nc3+ 29. Kc1 Nxe2+ 30. Kd1 Qd2# 0-1

[Event "Sparkassen-Open J"]
[Site "Heusenstamm, Martinsee"]
[Date "2019.11.24"]
[Round "5.12"]
[White "Rodermel, Leonie"]
[Black "Ilievski, Kiril"]
[Result "1-0"]
[WhiteElo "1097"]
[BlackElo "753"]
[PlyCount "93"]
[EventDate "2019.??.??"]
[WhiteTeam "SV Oberursel"]
[BlackTeam "SC Groß-Zimmern"]

1. e4 c6 2. d4 d5 3. e5 e6 4. Nf3 c5 5. c3 c4 6. Be3 Ne7 7. Nbd2 g6 8. Be2 Bg7
9. O-O O-O 10. b3 cxb3 11. Nxb3 Bd7 12. Qd2 Nbc6 13. Bh6 Nf5 14. Bxg7 Nxg7 15.
Bd3 Na5 16. Nxa5 Qxa5 17. c4 Qxd2 18. Nxd2 Rac8 19. Rac1 Rc6 20. cxd5 exd5 21.
Rxc6 Bxc6 22. Rb1 Rb8 23. Bb5 Rc8 24. Bxc6 Rxc6 25. Rxb7 Ra6 26. Rb8+ Ne8 27.
Rxe8+ Kg7 28. Kf1 Rxa2 29. Nf3 h6 30. Rd8 Ra5 31. Ke2 Rb5 32. Rd7 a5 33. e6
Rb2+ 34. Ke3 Rb6 35. exf7 Re6+ 36. Kd2 Rf6 37. Ra7 Rxf7 38. Rxf7+ Kxf7 39. Kc3
Kf6 40. Kb3 Kf5 41. Ka4 Ke4 42. Kxa5 Kd3 43. Kb5 Ke2 44. Kc5 Kxf2 45. Kxd5 Ke3
46. Ke5 Kd3 47. d5 1-0

[Event "Sparkassen-Open J"]
[Site "Heusenstamm, Martinsee"]
[Date "2019.11.24"]
[Round "5.13"]
[White "Jumah, Shayan"]
[Black "Milman, Sophie"]
[Result "1-0"]
[WhiteElo "1249"]
[BlackElo "917"]
[PlyCount "99"]
[EventDate "2019.??.??"]
[WhiteTeam "SG Trier"]
[BlackTeam "SC Heusenstamm"]

1. e4 e5 2. Nf3 Nc6 3. Bb5 Nf6 4. O-O Bc5 5. Nc3 O-O 6. d3 h6 7. Be3 Bb6 8.
Bxb6 axb6 9. d4 exd4 10. Nxd4 Nxd4 11. Qxd4 Qe7 12. Nd5 Nxd5 13. exd5 Qg5 14.
Rfe1 c6 15. Re3 cxb5 16. Rg3 Qxg3 17. hxg3 Re8 18. Qxb6 Ra6 19. Qxb5 Re5 20.
Qc4 Ra8 21. Kf1 b6 22. Qf4 Rxd5 23. Re1 Kf8 24. Qb4+ d6 25. Qxb6 Be6 26. c4 Rd3
27. c5 Bc4 28. Kg1 dxc5 29. Qxc5+ Kg8 30. Qxc4 Rad8 31. Re7 Rd1+ 32. Kh2 Rf8
33. Qe2 Ra1 34. a3 Rc1 35. Re8 Rc8 36. Rxf8+ Rxf8 37. b4 Ra8 38. Qa2 Kf8 39. a4
Ke7 40. b5 Kd7 41. Qd5+ Ke7 42. Qxa8 Kd6 43. b6 Kc5 44. b7 Kd4 45. b8=Q Kc3 46.
Qd6 Kc4 47. Qad5+ Kc3 48. Q6c5+ Kb2 49. Qd2+ Kb3 50. Qcb4# 1-0

[Event "Sparkassen-Open J"]
[Site "Heusenstamm, Martinsee"]
[Date "2019.11.24"]
[Round "5.14"]
[White "Guo, Felix"]
[Black "Biallas, Flynn"]
[Result "1-0"]
[WhiteElo "1045"]
[BlackElo "953"]
[PlyCount "61"]
[EventDate "2019.??.??"]
[WhiteTeam "SK Mannheim-Lindenhof"]
[BlackTeam "SV Ffm-Griesheim"]

1. e4 e5 2. Nf3 Nc6 3. Bc4 Bb4 4. c3 Bc5 5. d4 Bd6 6. Ng5 Nh6 7. dxe5 Bxe5 8.
Nf3 O-O 9. Nxe5 Nxe5 10. Bb3 Nhg4 11. h3 Nf6 12. Bf4 d6 13. f3 Qe7 14. O-O Bd7
15. Nd2 Rad8 16. Qc2 Nh5 17. Bh2 Bb5 18. c4 Bd7 19. Rfe1 Qg5 20. Rf1 Bxh3 21.
Nb1 Rfe8 22. f4 Qg4 23. fxe5 dxe5 24. c5 Nf4 25. Bxf4 exf4 26. Nc3 Re5 27. Rad1
Rxd1 28. Rxd1 h6 29. Rd5 Rg5 30. e5 f3 31. Rd8# 1-0

[Event "Sparkassen-Open J"]
[Site "Heusenstamm, Martinsee"]
[Date "2019.11.24"]
[Round "5.15"]
[White "González Peisker, Mateo León"]
[Black "Stiehl, Richard"]
[Result "0-1"]
[WhiteElo "970"]
[BlackElo "1205"]
[PlyCount "60"]
[EventDate "2019.??.??"]
[WhiteTeam "SV Multatuli Ingelheim e.V."]
[BlackTeam "SV Multatuli Ingelheim e.V."]

1. e4 e5 2. Nf3 Nc6 3. Bc4 Bc5 4. d3 h6 5. O-O Nf6 6. Nc3 d6 7. h3 O-O 8. Be3
Bb6 9. Nd5 Nxd5 10. Bxd5 Be6 11. Bb3 Re8 12. Qe2 Qf6 13. Rfd1 Rad8 14. Rac1 d5
15. exd5 Bxd5 16. Bxd5 Rxd5 17. Nd2 Rd6 18. Ne4 Qg6 19. Nxd6 cxd6 20. Bxb6 axb6
21. Qe3 b5 22. c4 bxc4 23. dxc4 Re6 24. c5 dxc5 25. Qxc5 Nd4 26. Re1 Qg5 27.
Kh1 Rg6 28. Qc8+ Kh7 29. Qxb7 f5 30. Qf7 Qxg2# 0-1

[Event "Sparkassen-Open J"]
[Site "Heusenstamm, Martinsee"]
[Date "2019.11.24"]
[Round "5.16"]
[White "Spelleken, Mark"]
[Black "Gossen, Michael"]
[Result "0-1"]
[WhiteElo "961"]
[BlackElo "1072"]
[PlyCount "100"]
[EventDate "2019.??.??"]
[WhiteTeam "SC Kahl"]
[BlackTeam "TuS Makkabi Wiesbaden"]

1. d4 d5 2. Bf4 Bf5 3. Nc3 Nc6 4. Nf3 g6 5. g3 Bg7 6. Bg2 f6 7. O-O Qd7 8. Re1
O-O-O 9. e4 dxe4 10. Nxe4 e5 11. dxe5 Qxd1 12. Raxd1 Rxd1 13. exf6 Bf8 14. f7
Nh6 15. Bxh6 Bxh6 16. Rxd1 Bxe4 17. Bh3+ Kb8 18. Re1 Rf8 19. Rxe4 a6 20. Re8+
Ka7 21. Ng5 Nd8 22. Rxf8 Bxf8 23. Be6 Kb6 24. h4 h6 25. Nh7 Nxe6 26. Nxf8 Nxf8
27. Kh2 Kc6 28. Kh3 Kd7 29. g4 Ke7 30. f4 Kxf7 31. g5 h5 32. Kg3 Ke6 33. Kf3
Kf5 34. c4 Ne6 35. b3 Nxf4 36. a4 c5 37. Kg3 Ne2+ 38. Kf2 Nd4 39. Ke3 Nxb3 40.
Kd3 Kg4 41. Kc3 Nd4 42. a5 Kxh4 43. Kb2 Kxg5 44. Ka3 h4 45. Kb2 h3 46. Kc3 h2
47. Kd3 h1=Q 48. Ke3 Qf3+ 49. Kd2 Qe2+ 50. Kc3 Qc2# 0-1